Host cities of the 2015 Rugby World Cup on a map. - Statistics

General Stats
  • This quiz has been taken 63 times
  • The average score is 9 of 12
Answers on the Map
Answers color-coded by a green-red scale on the quiz's map according to % correct below.
 
Answer Stats
Cities % Correct
London
100%
Manchester
96%
Cardiff
95%
Newcastle
89%
Birmingham
88%
Leeds
79%
Brighton
70%
Leicester
68%
Exeter
61%
Gloucester
47%
Twickenham
40%
Milton Keynes
33%
No matching quizzes found
Score Distribution
Percent of People with Each Score
Percentile by Number Answered
Your Score History
You have not taken this quiz